Project Management (Record no. 351176)

000 -LEADER
fixed length control field 00555nam a22001937a 4500
003 - CONTROL NUMBER IDENTIFIER
control field OSt
005 - DATE AND TIME OF LATEST TRANSACTION
control field 20180116183039.0
008 - FIXED-LENGTH DATA ELEMENTS--GENERAL INFORMATION
fixed length control field 160219b xxu||||| |||| 00| 0 eng d
020 ## - INTERNATIONAL STANDARD BOOK NUMBER
International Standard Book Number 9780071234252
040 ## - CATALOGING SOURCE
Transcribing agency 0
082 ## - DEWEY DECIMAL CLASSIFICATION NUMBER
Classification number 658.404 GRA 2003
100 ## - MAIN ENTRY--PERSONAL NAME
Personal name Clifford F. Gray Erik W. Larson
245 ## - TITLE STATEMENT
Title Project Management
Remainder of title The Management Process
Statement of responsibility, etc. Clifford F. Gray Erik W. Larson
260 ## - PUBLICATION, DISTRIBUTION, ETC.
Place of publication, distribution, etc. New York
Name of publisher, distributor, etc. Mc Graw Hill
Date of publication, distribution, etc. 2003
300 ## - PHYSICAL DESCRIPTION
Extent 574 p.
Other physical details PB
440 ## - SERIES STATEMENT/ADDED ENTRY--TITLE
Title Project Management
600 ## - SUBJECT ADDED ENTRY--PERSONAL NAME
Personal name Clifford F. Gray Erik W. Larson
942 ## - ADDED ENTRY ELEMENTS (KOHA)
Source of classification or shelving scheme
Koha item type Book
Holdings
Withdrawn status Lost status Source of classification or shelving scheme Damaged status Not for loan Collection code Permanent Location Current Location Shelving location Date acquired Total Checkouts Full call number Barcode Date last seen Date last checked out Price effective from Koha item type
            Central Library (CL) Central Library (CL) Reference 02/19/2016 4 658.404 GRA 2003 NBS5525 06/03/2016 04/13/2016 02/19/2016 Book
            Central Library (CL) Central Library (CL)   02/28/2024   658.404 GRA 2003 QRCODE-5525 02/28/2024   02/28/2024 Book
© 2023 Central Library, National University of Sciences and Technology. All Rights Reserved.